[Event "Australian Reserves"]
[Site "Adelaide"]
[Date "2004.01.09"]
[Round "10.13"]
[White "Stewart, Scott"]
[Black "Silas, Frank"]
[Result "0-1"]
[WhiteElo "1618"]
[BlackElo "1843"]
[PlyCount "42"]
[EventDate "2003.12.29"]
[EventType "swiss"]
[EventRounds "11"]
[EventCountry "AUS"]

1. e4 e5 2. Bc4 Nf6 3. d3 Bc5 4. Nf3 Nc6 5. Nbd2 O-O 6. Bb3 d6 7. c3 b5 8. O-O
Bg4 9. Re1 a5 10. Nf1 a4 11. Bc2 Qd7 12. h3 Bxh3 13. gxh3 Qxh3 14. d4 exd4 15.
cxd4 Bb4 16. Bd2 Bxd2 17. N1xd2 Nh5 18. Nf1 Nf4 19. Ne3 h6 20. Nh2 Qh4 21. Qf3
Nxd4 0-1

[Event "Australian Reserves"]
[Site "Adelaide"]
[Date "2004.01.09"]
[Round "10.14"]
[White "Holt, Kenneth P"]
[Black "Brockman, Roland"]
[Result "1-0"]
[WhiteElo "1835"]
[BlackElo "1604"]
[PlyCount "109"]
[EventDate "2003.12.29"]
[EventType "swiss"]
[EventRounds "11"]
[EventCountry "AUS"]

1. d4 d5 2. c4 e6 3. g3 Nf6 4. Bg2 dxc4 5. Nf3 a6 6. a4 Nc6 7. O-O Be7 8. Na3
c3 9. bxc3 O-O 10. Nc4 Rb8 11. Nce5 Nxe5 12. Nxe5 c5 13. Bf4 Nd5 14. Nxf7 Rxf7
15. Bxd5 Rxf4 16. Bxe6+ Bxe6 17. gxf4 Qd6 18. Qd3 Qxf4 19. Qg3 Qxg3+ 20. hxg3
cxd4 21. cxd4 Bf6 22. Rfd1 Rc8 23. Rab1 Bd5 24. Rb4 Rc3 25. Rb6 Be7 26. f3 Bb3
27. Rd2 Bxa4 28. Rxb7 Bg5 29. Ra2 Bb5 30. d5 Bc4 31. Ra5 Bxe2 32. d6 Be3+ 33.
Kh2 Bb5 34. d7 Bxd7 35. Rxd7 Rc6 36. Re5 Bc5 37. Re8+ Bf8 38. Ra7 g6 39. g4 g5
40. Kg3 Rf6 41. Rea8 Rf7 42. Rxf7 Kxf7 43. Rxa6 Bc5 44. Ra5 Bd6+ 45. Kf2 Bf4
46. Ke2 Kg6 47. Ra6+ Kf7 48. Kd3 Kg7 49. Ke4 Kf7 50. Kf5 Kg7 51. Ra7+ Kh6 52.
Kf6 Be3 53. Ra2 Bd4+ 54. Kf7 Be5 55. Ra6+ 1-0

[Event "Australian Reserves"]
[Site "Adelaide"]
[Date "2004.01.09"]
[Round "10.17"]
[White "Murray, Russell"]
[Black "Shaw, Robin A"]
[Result "1/2-1/2"]
[WhiteElo "1727"]
[BlackElo "1607"]
[PlyCount "61"]
[EventDate "2003.12.29"]
[EventType "swiss"]
[EventRounds "11"]
[EventCountry "AUS"]

1. e4 Nf6 2. d3 e5 3. Nf3 Nc6 4. Nbd2 Bc5 5. Be2 O-O 6. c3 d5 7. O-O a5 8. a4
Be6 9. h3 dxe4 10. Nxe4 Nxe4 11. dxe4 Qxd1 12. Rxd1 Rad8 13. Bg5 f6 14. Be3
Bxe3 15. fxe3 Bb3 16. Rd2 Kf7 17. Bd1 Be6 18. Be2 Rxd2 19. Nxd2 Ke7 20. Kf2 Rd8
21. Rd1 Bf7 22. Ke1 Rd6 23. Nc4 Rxd1+ 24. Kxd1 b6 25. Kd2 Nd8 26. b4 Nb7 27.
Kd3 Be8 28. Bd1 Bd7 29. Bb3 Be6 30. Nd2 Bxb3 31. Nxb3 1/2-1/2

[Event "Australian Reserves"]
[Site "Adelaide"]
[Date "2004.01.09"]
[Round "10.18"]
[White "Stevens, Tristan"]
[Black "Stokes, Mark C"]
[Result "1/2-1/2"]
[WhiteElo "1706"]
[BlackElo "1530"]
[PlyCount "131"]
[EventDate "2003.12.29"]
[EventType "swiss"]
[EventRounds "11"]
[EventCountry "AUS"]

1. e4 e6 2. d4 d5 3. e5 c5 4. c3 Nc6 5. Nf3 Qb6 6. a3 c4 7. Be2 f6 8. Qc2 fxe5
9. Nxe5 Nxe5 10. dxe5 Bd7 11. Be3 Bc5 12. Bh5+ Kd8 13. Bg5+ Kc7 14. a4 Rf8 15.
Bf3 Rf5 16. Bh4 Rxe5+ 17. Kd1 Rf5 18. a5 Qc6 19. Nd2 Bd6 20. b3 cxb3 21. Nxb3
e5 22. Qd2 Rxf3 23. gxf3 Qc4 24. Qg5 Qxb3+ 25. Ke1 Qxc3+ 26. Kf1 Qxa1+ 27. Kg2
Bh3+ 28. Kxh3 Qxh1 29. Qxg7+ Kc6 30. Qxh8 Qxf3+ 31. Bg3 Qf5+ 32. Kg2 Nf6 33. a6
bxa6 34. f4 d4 35. fxe5 Bxe5 36. Qa8+ Kb5 37. Qb7+ Kc4 38. Qxa6+ Kd5 39. Qa2+
Kd6 40. Qa6+ Ke7 41. Qxa7+ Qd7 42. Qc5+ Bd6 43. Qxd4 Bxg3 44. Qe3+ Qe6 45. Qa7+
Nd7 46. hxg3 Qe4+ 47. Kf2 Qf5+ 48. Kg2 h5 49. Qe3+ Ne5 50. Qc5+ Kf6 51. Qd6+
Kg5 52. Qd8+ Qf6 53. Qd2+ Kg4 54. Qd4+ Kg5 55. Qh4+ Kg6 56. Qe4+ Qf5 57. Qe2
Ng4 58. Kh1 Qd5+ 59. Kg1 Qd4+ 60. Kg2 Qd5+ 61. Kg1 Qd4+ 62. Kg2 Ne3+ 63. Kf3
Kf5 64. Qa6 Qf6 65. Qxf6+ Kxf6 66. Kxe3 1/2-1/2

[Event "Australian Reserves"]
[Site "Adelaide"]
[Date "2004.01.09"]
[Round "10.20"]
[White "Hoholis, Harry"]
[Black "Bristina, Husein"]
[Result "1-0"]
[WhiteElo "1606"]
[BlackElo "1614"]
[PlyCount "79"]
[EventDate "2003.12.29"]
[EventType "swiss"]
[EventRounds "11"]
[EventCountry "AUS"]

1. Nf3 c5 2. b3 g6 3. Bb2 Nf6 4. e3 Bg7 5. c4 O-O 6. Be2 b6 7. O-O Bb7 8. Na3
Nc6 9. d4 cxd4 10. Nxd4 Rc8 11. Nxc6 Bxc6 12. Bf3 Qc7 13. Rc1 Qb7 14. Bxc6 dxc6
15. Bxf6 Bxf6 16. Qe2 e5 17. e4 Qe7 18. Nc2 Bg7 19. Rcd1 f5 20. f3 f4 21. Rd2
g5 22. Rfd1 Rc7 23. Rd6 Bf6 24. Qd2 Rf7 25. Nb4 h5 26. Nxc6 Qe8 27. Nd8 Be7 28.
Nxf7 Qxf7 29. Rd7 Rxd7 30. Qxd7 Bc5+ 31. Kf1 Qxd7 32. Rxd7 a5 33. Ke2 g4 34.
Kd3 h4 35. h3 g3 36. Kc3 Kf8 37. Rd5 Be7 38. Rxe5 Bf6 39. Kd4 Kf7 40. Kd5 1-0

[Event "Australian Reserves"]
[Site "Adelaide"]
[Date "2004.01.09"]
[Round "10.22"]
[White "Lutley, Philip"]
[Black "Tsagarakis, Angelo"]
[Result "1/2-1/2"]
[WhiteElo "1484"]
[BlackElo "1889"]
[PlyCount "52"]
[EventDate "2003.12.29"]
[EventType "swiss"]
[EventRounds "11"]
[EventCountry "AUS"]

1. e4 c5 2. Nf3 d6 3. d4 cxd4 4. Nxd4 Nf6 5. Nc3 a6 6. f3 Nc6 7. Be3 Nxd4 8.
Qxd4 e6 9. g4 Be7 10. O-O-O O-O 11. Bc4 b5 12. Bb3 Qc7 13. h4 Bb7 14. h5 b4 15.
Na4 a5 16. g5 e5 17. Qd2 Nd7 18. g6 Bc6 19. h6 hxg6 20. hxg7 Kxg7 21. Bh6+ Kg8
22. Bg7 Kxg7 23. Qh6+ Kf6 24. Rh5 Bd8 25. Qg5+ Kg7 26. Qh6+ Kf6 1/2-1/2

[Event "Australian Reserves"]
[Site "Adelaide"]
[Date "2004.01.09"]
[Round "10.23"]
[White "Pleskot, Sylvia"]
[Black "Davis, Tony J"]
[Result "0-1"]
[WhiteElo "1726"]
[BlackElo "1874"]
[PlyCount "122"]
[EventDate "2003.12.29"]
[EventType "swiss"]
[EventRounds "11"]
[EventCountry "AUS"]

1. d4 d5 2. c4 c6 3. Nc3 Nf6 4. e3 e6 5. Nf3 Nbd7 6. Bd3 Bd6 7. cxd5 exd5 8.
O-O O-O 9. Qc2 Re8 10. Rb1 Nf8 11. Bf5 Ne4 12. Bxc8 Rxc8 13. Ne2 Bb8 14. Ng3 g5
15. b3 g4 16. Ne5 Bxe5 17. dxe5 Rxe5 18. Bb2 Nxg3 19. hxg3 Re6 20. Qf5 Rg6 21.
Rfd1 Qd7 22. Qe5 f6 23. Qf4 Ne6 24. Qf5 Nc5 25. Qxd7 Nxd7 26. Rbc1 Re8 27. Rd4
Ne5 28. Rcd1 h5 29. Kf1 Nf7 30. Ke2 Nd6 31. Rh1 Nf5 32. Rxh5 Rxe3+ 33. Kd2 Ng7
34. Rhxd5 Re7 35. Rd8+ Kf7 36. Ba3 c5 37. Bxc5 Rc7 38. Rc4 Ne6 39. Rd5 b5 40.
Rc3 Rh6 41. Be3 Rxc3 42. Kxc3 Rh2 43. Rd7+ Kg6 44. Rxa7 Rxg2 45. Ra6 Ng5 46.
Kd4 Nh3 47. Kc5 Nxf2 48. Kxb5 Ne4 49. b4 Rxg3 50. Bd4 Rf3 51. Kc4 g3 52. b5 g2
53. b6 Nf2 54. b7 g1=Q 55. b8=Q Qf1+ 56. Kc5 Rf5+ 57. Kd6 Qxa6+ 58. Ke7 Qa3+
59. Ke8 Qa4+ 60. Ke7 Qxd4 61. Qg8+ Kh6 0-1

[Event "Australian Reserves"]
[Site "Adelaide"]
[Date "2004.01.09"]
[Round "10.24"]
[White "Kordahi, Nicholas"]
[Black "Clark, Domenic"]
[Result "1-0"]
[WhiteElo "1728"]
[BlackElo "1636"]
[PlyCount "68"]
[EventDate "2003.12.29"]
[EventType "swiss"]
[EventRounds "11"]
[EventCountry "AUS"]

1. e4 e6 2. d3 d5 3. Nd2 Nf6 4. g3 c5 5. Bg2 Nc6 6. Ngf3 Qb6 7. O-O Be7 8. Re1
O-O 9. e5 Nd7 10. Nf1 f6 11. exf6 Nxf6 12. Ng5 e5 13. Ne3 Qd8 14. h4 h6 15. a3
d4 16. Nc4 hxg5 17. hxg5 Ng4 18. Bf3 Nxf2 19. Kxf2 Bg4 20. Bf4 Bxf3 21. Qxf3
exf4 22. g4 Bxg5 23. Rh1 Bh4+ 24. Kg2 Re8 25. Rh3 b5 26. Rah1 bxc4 27. Rxh4 Qd6
28. Qh3 Re2+ 29. Kf1 Rae8 30. Rh8+ Kf7 31. Qh5+ Qg6 32. Qd5+ R2e6 33. R8h4 cxd3
34. Qd7+ R8e7 1-0

[Event "Australian Reserves"]
[Site "Adelaide"]
[Date "2004.01.09"]
[Round "10.26"]
[White "Arocha, Leandro"]
[Black "Juszczynski, Mathew"]
[Result "0-1"]
[WhiteElo "1745"]
[BlackElo "1658"]
[PlyCount "120"]
[EventDate "2003.12.29"]
[EventType "swiss"]
[EventRounds "11"]
[EventCountry "AUS"]

1. e4 c5 2. Nf3 d6 3. g3 Nc6 4. Bg2 Nf6 5. d3 g6 6. O-O Bg7 7. Re1 O-O 8. e5
dxe5 9. Nxe5 Nxe5 10. Rxe5 Ng4 11. Re4 Nf6 12. Re5 Ng4 13. Re4 h5 14. h3 Nf6
15. Re5 Nd7 16. Re1 e6 17. Nc3 Qb6 18. Ne4 Rb8 19. Rb1 Nf6 20. Bf4 Ra8 21. Ng5
Bd7 22. Be5 Bc6 23. Bf3 Rad8 24. Qe2 Bd5 25. c4 Bxf3 26. Qxf3 Nh7 27. Nxh7 Kxh7
28. Bxg7 Kxg7 29. Qe3 Rd4 30. Qe5+ Kg8 31. Re3 Rfd8 32. b3 Rxd3 33. Re2 Qc6 34.
Rbe1 Qd6 35. Qf6 Rd1 36. Qc3 b6 37. Qe3 Rxe1+ 38. Rxe1 Qd4 39. Kf1 Qxe3 40.
Rxe3 h4 41. g4 Rd2 42. Re2 Rd3 43. Re3 Rxe3 44. fxe3 Kg7 45. Ke2 Kf6 46. Kf2
Ke5 47. Kf3 f6 48. Kf2 Ke4 49. Ke2 g5 50. Kf2 Kd3 51. Kf3 f5 52. a3 a6 53. b4
cxb4 54. axb4 Kxc4 55. gxf5 exf5 56. e4 fxe4+ 57. Kxe4 Kxb4 58. Kf5 a5 59. Kxg5
a4 60. Kxh4 a3 0-1

[Event "Australian Reserves"]
[Site "Adelaide"]
[Date "2004.01.09"]
[Round "10.27"]
[White "Peake, Michael"]
[Black "Donnelly, Philip W"]
[Result "1-0"]
[WhiteElo "1467"]
[BlackElo "1625"]
[PlyCount "61"]
[EventDate "2003.12.29"]
[EventType "swiss"]
[EventRounds "11"]
[EventCountry "AUS"]

1. e4 c5 2. Nf3 d6 3. d4 cxd4 4. Nxd4 Nf6 5. Nc3 a6 6. Be3 e5 7. Nb3 Qc7 8. Qd2
b5 9. f3 Be7 10. O-O-O Be6 11. Bd3 O-O 12. g4 Nc6 13. Kb1 Nb4 14. h4 d5 15.
exd5 Nbxd5 16. Nxd5 Nxd5 17. g5 Rfd8 18. h5 Nb4 19. Qe2 Nxd3 20. Rxd3 Bf5 21.
Rc3 Qb7 22. Na5 Qd5 23. Nc6 Rd7 24. Nxe7+ Rxe7 25. Rd1 Qe6 26. Qd2 g6 27. h6 b4
28. Rc5 b3 29. axb3 Qxb3 30. Qd8+ Re8 31. Qf6 1-0

[Event "Australian Reserves"]
[Site "Adelaide"]
[Date "2004.01.09"]
[Round "10.28"]
[White "Forace, Lee"]
[Black "Eckermann, Andrew"]
[Result "0-1"]
[WhiteElo "1592"]
[BlackElo "1362"]
[PlyCount "52"]
[EventDate "2003.12.29"]
[EventType "swiss"]
[EventRounds "11"]
[EventCountry "AUS"]

1. e4 c5 2. Nc3 d6 3. g3 Nc6 4. Bg2 g6 5. d3 Bg7 6. f4 Nd4 7. Nf3 Bg4 8. O-O e6
9. Be3 Bxf3 10. Bxf3 Qd7 11. Bg2 Ne7 12. Qd2 h5 13. Rab1 Nec6 14. Ne2 h4 15. c3
Nxe2+ 16. Qxe2 hxg3 17. hxg3 b6 18. Rfc1 e5 19. Qd2 O-O-O 20. b4 Rh7 21. a4
Rdh8 22. a5 Qg4 23. Qf2 Rh2 24. Rf1 Qh5 25. Qf3 Rh1+ 26. Bxh1 Qh2# 0-1

[Event "Australian Reserves"]
[Site "Adelaide"]
[Date "2004.01.09"]
[Round "10.29"]
[White "Lindberg, Eric"]
[Black "Beckman, John"]
[Result "1-0"]
[WhiteElo "1426"]
[BlackElo "1563"]
[PlyCount "116"]
[EventDate "2003.12.29"]
[EventType "swiss"]
[EventRounds "11"]
[EventCountry "AUS"]

1. d4 Nf6 2. Nf3 d6 3. Bg5 h6 4. Bxf6 gxf6 5. Nc3 Bg4 6. Qd3 Nd7 7. O-O-O c5 8.
h3 Bh5 9. g4 Bg6 10. e4 Bg7 11. Nh4 a6 12. Bg2 Bh7 13. f4 O-O 14. Nf3 b5 15. h4
c4 16. Qe3 b4 17. Nd5 a5 18. f5 Nb6 19. Nf4 a4 20. g5 e5 21. fxe6 fxg5 22. hxg5
hxg5 23. Rxh7 gxf4 24. Rxg7+ Kxg7 25. Qxf4 fxe6 26. Qg4+ Kf7 27. Ng5+ Ke8 28.
Nxe6 Qd7 29. d5 Qh7 30. Rh1 Rg8 31. Qf4 Qe7 32. Bf3 Kd7 33. Bg4 Kc8 34. Bf5 c3
35. bxc3 bxc3 36. Kd1 Nc4 37. Rh7 Qxh7 38. Bxh7 Rg2 39. Qf8+ Kb7 40. Qe7+ Kb6
41. Qc7+ Kb5 42. Nd4+ Kb4 43. Qb7+ Ka3 44. Nb5+ Kb2 45. Nxd6+ Nb6 46. Nc4+ Kxa2
47. Nxb6 Rf8 48. Bf5 Rh8 49. Qh7 Rxh7 50. Bxh7 a3 51. Na4 Rd2+ 52. Ke1 Kb1 53.
e5 Rxd5 54. Nxc3+ Kb2 55. Bg8 Rxe5+ 56. Kd2 Re8 57. Bb3 Rd8+ 58. Nd5 Rd6 {
black lost on time} 1-0

[Event "Australian Reserves"]
[Site "Adelaide"]
[Date "2004.01.09"]
[Round "10.30"]
[White "Campbell, Paul"]
[Black "Thorne, Richard"]
[Result "1-0"]
[WhiteElo "1282"]
[BlackElo "1562"]
[PlyCount "99"]
[EventDate "2003.12.29"]
[EventType "swiss"]
[EventRounds "11"]
[EventCountry "AUS"]

1. e4 c6 2. d4 d5 3. Nc3 dxe4 4. Nxe4 Nf6 5. Nxf6+ exf6 6. Nf3 Bd6 7. Bd3 O-O
8. Be3 Re8 9. Qd2 a5 10. a4 Qc7 11. h3 f5 12. g3 Bxg3 13. O-O-O f4 14. fxg3
fxe3 15. Qg2 Nd7 16. Bc4 Nb6 17. Bb3 Be6 18. Bxe6 Rxe6 19. b3 Qd6 20. Kb2 Nd5
21. Rhe1 b5 22. axb5 cxb5 23. Ng5 Rg6 24. Ne4 Qc6 25. Nc5 b4 26. Ra1 Ra7 27.
Re2 f5 28. Qf3 Rf6 29. h4 f4 30. gxf4 Rxf4 31. Qh1 Qd6 32. Ne4 Qd7 33. Nc5 Qf5
34. Nd3 Rxd4 35. Rf1 Qc8 36. Qf3 a4 37. bxa4 h6 38. Rg2 Re7 39. Ne5 Nf6 40. Nc6
Rde4 41. Nxe7+ Rxe7 42. Qxf6 e2 43. Re1 Rf7 44. Qe5 Re7 45. Qd5+ Kh8 46. Rexe2
Qc3+ 47. Kb1 Ra7 48. Re8+ Kh7 49. Qe4+ g6 50. Qxg6# 1-0

[Event "Australian Reserves"]
[Site "Adelaide"]
[Date "2004.01.09"]
[Round "10.32"]
[White "Escribano, Jose"]
[Black "Turcaj, Pavel"]
[Result "1-0"]
[WhiteElo "1573"]
[BlackElo "1395"]
[PlyCount "120"]
[EventDate "2003.12.29"]
[EventType "swiss"]
[EventRounds "11"]
[EventCountry "AUS"]

1. e4 e5 2. Nf3 Nc6 3. Bb5 a6 4. Ba4 Bc5 5. c3 Nf6 6. d3 d6 7. O-O O-O 8. Be3
Bb6 9. h3 Bd7 10. Bxb6 cxb6 11. Re1 b5 12. Bb3 Qc7 13. Nbd2 Rac8 14. Rc1 Qb8
15. Nf1 Qa7 16. Ne3 a5 17. Nh4 a4 18. Bc2 a3 19. b4 Be6 20. Bb3 Bxb3 21. Qxb3
g6 22. Nf3 Nh5 23. Qd5 Nf4 24. Qxb5 Nxb4 25. Qxb4 Nxd3 26. Qxd6 Rfd8 27. Qf6
Nxe1 28. Ng5 Rd7 29. Ng4 Rc6 30. Qxe5 Nd3 31. Qe8+ Kg7 32. Qxd7 Rf6 33. Qxd3
Ra6 34. Qd7 b5 35. Qxb5 Ra5 36. Qc4 Rxg5 37. Qd4+ Qxd4 38. cxd4 Rb5 39. Rc3 Rb4
40. Rd3 f5 41. exf5 gxf5 42. Ne3 f4 43. Nd5 Rb1+ 44. Kh2 Rb2 45. Rxa3 Rxf2 46.
Rf3 Rxa2 47. Nxf4 Kf6 48. Kg3 Ke7 49. Kg4 Kd6 50. g3 Ra5 51. h4 Rb5 52. Nh5 Rb4
53. Rf4 Rb7 54. Rf6+ Kd5 55. Rf4 Kd6 56. Nf6 Ke6 57. d5+ Kd6 58. Rf5 Rg7+ 59.
Rg5 Rf7 60. Ne4+ Kd7 1-0

[Event "Australian Reserves"]
[Site "Adelaide"]
[Date "2004.01.09"]
[Round "10.33"]
[White "Dickson, Ian C"]
[Black "Stewart, Clint"]
[Result "1-0"]
[WhiteElo "1667"]
[BlackElo "1270"]
[PlyCount "56"]
[EventDate "2003.12.29"]
[EventType "swiss"]
[EventRounds "11"]
[EventCountry "AUS"]

1. e4 c5 2. Nf3 d6 3. d4 cxd4 4. Nxd4 Nf6 5. Nc3 g6 6. f4 Nc6 7. Nxc6 bxc6 8.
e5 Nd7 9. exd6 exd6 10. Qd4 Nf6 11. Be2 Be7 12. O-O O-O 13. Be3 Qa5 14. Ne4 Nd5
15. Bd2 Qd8 16. c4 Qb6 17. Qxb6 Nxb6 18. b3 Be6 19. Bc3 Nd7 20. Bf3 d5 21. cxd5
cxd5 22. Ng3 Bc5+ 23. Kh1 Rfd8 24. Rad1 Nb6 25. Ne2 Bf5 26. Nd4 Be4 27. Be2 f5
28. Ne6 Rd7 1-0

[Event "Australian Reserves"]
[Site "Adelaide"]
[Date "2004.01.10"]
[Round "11.1"]
[White "Guthrie, Aaron"]
[Black "Cowley, Robert G"]
[Result "1/2-1/2"]
[WhiteElo "1927"]
[BlackElo "2022"]
[PlyCount "64"]
[EventDate "2003.12.29"]
[EventType "swiss"]
[EventRounds "11"]
[EventCountry "AUS"]

1. e4 Nf6 2. e5 Nd5 3. d4 d6 4. c4 Nb6 5. f4 dxe5 6. fxe5 Nc6 7. Be3 Bf5 8. Nc3
e6 9. Be2 Be7 10. Nf3 O-O 11. O-O f6 12. exf6 Bxf6 13. h3 h6 14. Kh1 Qe7 15.
Qd2 Rad8 16. Rad1 e5 17. d5 e4 18. Nd4 Bxd4 19. Bxd4 Ne5 20. c5 Nc8 21. Qf4 Nd3
22. Qg3 Nxc5 23. d6 cxd6 24. Nd5 Qg5 25. Qxg5 hxg5 26. Rxf5 Rxf5 27. Bxc5 dxc5
28. Nf6+ gxf6 29. Rxd8+ Kg7 30. Rxc8 Rf2 31. Bc4 Rxb2 32. Rxc5 Rc2 1/2-1/2

[Event "Australian Reserves"]
[Site "Adelaide"]
[Date "2004.01.10"]
[Round "11.2"]
[White "Lip, Michael"]
[Black "Sonter, Matthew"]
[Result "1/2-1/2"]
[WhiteElo "1964"]
[BlackElo "1794"]
[PlyCount "122"]
[EventDate "2003.12.29"]
[EventType "swiss"]
[EventRounds "11"]
[EventCountry "AUS"]

1. Nf3 Nf6 2. g3 d5 3. Bg2 e6 4. O-O Be7 5. d3 c5 6. Nbd2 Nc6 7. e4 O-O 8. e5
Nd7 9. Re1 b5 10. Nf1 Bb7 11. h4 Qb6 12. N1h2 Rac8 13. Bf4 d4 14. Ng5 Bxg5 15.
hxg5 Rfd8 16. Qh5 Nb4 17. Rec1 Nf8 18. Ng4 Ng6 19. a3 Nd5 20. Bd2 c4 21. Nf6+
Nxf6 22. gxf6 Rc5 23. Re1 gxf6 24. f4 cxd3 25. cxd3 Bxg2 26. Kxg2 Rc2 27. Re2
Rd5 28. Rh1 Qc6 29. Kf2 Rxd2 30. Rxd2 fxe5 31. f5 exf5 32. Qxh7+ Kf8 33. Qh6+
Ke7 34. Re2 Rc5 35. Qg5+ Qf6 36. Qxf6+ Kxf6 37. Kf3 Kg5 38. Rh7 Rc7 39. Rhh2
Rc1 40. Rc2 Rf1+ 41. Rhf2 Rd1 42. Rfd2 Re1 43. Rc5 a6 44. Rc6 Re3+ 45. Kf2 Kg4
46. Rxa6 Rxg3 47. Rf6 Nf4 48. Rxf7 Nxd3+ 49. Kf1 e4 50. b3 f4 51. a4 bxa4 52.
bxa4 Kf3 53. a5 Rh3 54. Rg7 Rh1+ 55. Rg1 Rxg1+ 56. Kxg1 Ke3 57. Ra2 Nb4 58. a6
Nxa6 59. Rxa6 d3 60. Kf1 Kd2 61. Ra2+ Kd1 1/2-1/2

[Event "Australian Reserves"]
[Site "Adelaide"]
[Date "2004.01.10"]
[Round "11.3"]
[White "Hare, Tim"]
[Black "Flitney, Adrian"]
[Result "0-1"]
[WhiteElo "1915"]
[BlackElo "1876"]
[PlyCount "38"]
[EventDate "2003.12.29"]
[EventType "swiss"]
[EventRounds "11"]
[EventCountry "AUS"]

1. Nf3 d5 2. g3 Nf6 3. Bg2 Nc6 4. O-O e5 5. d3 Be6 6. c3 Bd6 7. Nbd2 Qd7 8. Re1
Bh3 9. Bh1 e4 10. Ng5 e3 11. fxe3 h5 12. Nxh3 h4 13. Nf4 hxg3 14. hxg3 Bxf4 15.
Bg2 Bxe3+ 16. Kf1 Rh1+ 17. Bxh1 Qh3+ 18. Bg2 Qxg3 19. Ne4 Ng4 0-1

[Event "Australian Reserves"]
[Site "Adelaide"]
[Date "2004.01.10"]
[Round "11.4"]
[White "Safarian, Alek"]
[Black "Dizdarevic, Mehmedalija"]
[Result "0-1"]
[WhiteElo "1899"]
[BlackElo "1917"]
[PlyCount "46"]
[EventDate "2003.12.29"]
[EventType "swiss"]
[EventRounds "11"]
[EventCountry "AUS"]

1. d4 Nf6 2. c4 g6 3. Nc3 Bg7 4. e4 d6 5. f3 O-O 6. Be3 e5 7. d5 Nh5 8. Qd2 f5
9. O-O-O Nd7 10. Nh3 a6 11. b4 a5 12. a3 axb4 13. axb4 Ndf6 14. Bg5 Bd7 15. Kb2
Qc8 16. Nf2 Qb8 17. Be2 Qa7 18. Nd3 Qa3+ 19. Kc2 Ba4+ 20. Kb1 Bxd1 21. Rxd1
fxe4 22. Nb2 exf3 23. Nb5 Qa2+ 0-1

[Event "Australian Reserves"]
[Site "Adelaide"]
[Date "2004.01.10"]
[Round "11.5"]
[White "Pyke, Malcolm L"]
[Black "Oks, Oliver"]
[Result "1-0"]
[WhiteElo "1914"]
[BlackElo "1799"]
[PlyCount "55"]
[EventDate "2003.12.29"]
[EventType "swiss"]
[EventRounds "11"]
[EventCountry "AUS"]

1. Nf3 Nf6 2. g3 b5 3. Bg2 Bb7 4. c3 e6 5. O-O c5 6. d3 d5 7. a4 b4 8. Nbd2
Nbd7 9. Re1 e5 10. e4 d4 11. cxb4 cxb4 12. Nc4 Qc7 13. Bg5 Nxe4 14. Nxd4 Nxg5
15. Nb5 Qc5 16. Bxb7 Nh3+ 17. Kg2 Rb8 18. Kxh3 Rxb7 19. Nxe5 Nxe5 20. d4 Qc8+
21. Kg2 Qc6+ 22. d5 Qf6 23. f4 Bc5 24. Rxe5+ Kd7 25. Rc1 Rc8 26. Qg4+ Kd8 27.
Re8+ Kxe8 28. Qxc8+ 1-0

[Event "Australian Reserves"]
[Site "Adelaide"]
[Date "2004.01.10"]
[Round "11.6"]
[White "Harp, Joel"]
[Black "Fry, Peter"]
[Result "1-0"]
[WhiteElo "1845"]
[BlackElo "1696"]
[PlyCount "54"]
[EventDate "2003.12.29"]
[EventType "swiss"]
[EventRounds "11"]
[EventCountry "AUS"]

1. d4 d5 2. c4 dxc4 3. Nf3 a6 4. e3 Bg4 5. Bxc4 e6 6. O-O Nf6 7. Nc3 Nc6 8. Be2
Be7 9. a3 O-O 10. Qc2 Qc8 11. Rd1 Rd8 12. b4 Bh5 13. Bb2 Qb8 14. Rac1 Nd5 15.
Na4 Bxf3 16. Bxf3 Rc8 17. Nc5 Qa7 18. e4 Nb6 19. d5 Nd8 20. dxe6 Nxe6 21. Nxe6
fxe6 22. Bg4 Rf8 23. Bxe6+ Kh8 24. Qxc7 Nd5 25. Bxg7+ Kxg7 26. Qg3+ Kf6 27.
exd5 Rad8 1-0

[Event "Australian Reserves"]
[Site "Adelaide"]
[Date "2004.01.10"]
[Round "11.7"]
[White "Malik, Hani"]
[Black "Obst, James"]
[Result "1-0"]
[WhiteElo "1946"]
[BlackElo "1539"]
[PlyCount "131"]
[EventDate "2003.12.29"]
[EventType "swiss"]
[EventRounds "11"]
[EventCountry "AUS"]

1. e4 d5 2. exd5 Nf6 3. d4 Bg4 4. Be2 Bxe2 5. Qxe2 Qxd5 6. Nf3 Nc6 7. c3 O-O-O
8. O-O e6 9. Nbd2 Bd6 10. Nc4 e5 11. dxe5 Rhe8 12. Ne3 Rxe5 13. Nxe5 Qxe5 14.
g3 h5 15. Qf3 g6 16. Nc4 Qb5 17. Nxd6+ Rxd6 18. Bf4 Rd3 19. Be3 Qe5 20. Rad1
Rxd1 21. Rxd1 Qe6 22. Bf4 Qxa2 23. Bg5 Nd7 24. Qd5 Qxd5 25. Rxd5 f6 26. Bc1 Nb6
27. Rd1 a5 28. f3 a4 29. h4 Na5 30. Kf1 Nb3 31. Ke2 Nc4 32. Kd3 b5 33. Kc2 Ne5
34. Rf1 Nxc1 35. Kxc1 f5 36. Kc2 Kd7 37. Rf2 c5 38. Kd2 Nc4+ 39. Kd3 Kd6 40.
Re2 Kd5 41. f4 b4 42. cxb4 cxb4 43. Rc2 Nd6 44. Rc7 a3 45. bxa3 bxa3 46. Ra7
Ne4 47. Rxa3 Ke6 48. Kd4 Kf7 49. Ke5 Kg7 50. Ke6 Kh6 51. Kf7 Kh7 52. Ra6 Nxg3
53. Rxg6 Ne4 54. Rf6 Ng3 55. Kf8 Ne2 56. Rxf5 Kg6 57. Rg5+ Kf6 58. f5 Nd4 59.
Kg8 Nxf5 60. Rxh5 Kg6 61. Rh8 Kf6 62. Kf8 Kg6 63. h5+ Kf6 64. Rg8 Ne7 65. h6
Ng6+ 66. Ke8 1-0

[Event "Australian Reserves"]
[Site "Adelaide"]
[Date "2004.01.10"]
[Round "11.8"]
[White "Yachou, Nur"]
[Black "Krstic, Slobodan"]
[Result "1-0"]
[WhiteElo "1764"]
[BlackElo "1922"]
[PlyCount "91"]
[EventDate "2003.12.29"]
[EventType "swiss"]
[EventRounds "11"]
[EventCountry "AUS"]

1. c4 g6 2. Nf3 Bg7 3. e3 c5 4. Be2 Nc6 5. a3 e5 6. d3 Nge7 7. Nbd2 f5 8. Rb1
d5 9. cxd5 Nxd5 10. Qc2 Qe7 11. b3 O-O 12. Bb2 Be6 13. Rc1 b6 14. b4 cxb4 15.
Qxc6 Rac8 16. Qa4 Rxc1+ 17. Bxc1 Rc8 18. Nc4 e4 19. Nfd2 a5 20. Qb5 exd3 21.
Bxd3 Rc5 22. Qa6 Qd8 23. O-O Bc8 24. Qa7 Rc7 25. Qb8 Rb7 26. Qd6 Rd7 27. Qb8 h5
28. Bb1 Kh7 29. e4 Nc3 30. exf5 b5 31. fxg6+ Kh8 32. Ne5 Rb7 33. Qxb7 Bxb7 34.
Nf7+ Kg8 35. Nxd8 Bd5 36. Bd3 bxa3 37. Bxa3 b4 38. Bb2 a4 39. Bxc3 Bxc3 40. Ne4
Bd4 41. Rd1 Bb3 42. Bc4+ Bxc4 43. Rxd4 a3 44. Rxc4 a2 45. Rc1 b3 46. Nc3 1-0

[Event "Australian Reserves"]
[Site "Adelaide"]
[Date "2004.01.10"]
[Round "11.9"]
[White "Holt, Kenneth P"]
[Black "Dragicevic, Domagoj"]
[Result "0-1"]
[WhiteElo "1835"]
[BlackElo "1895"]
[PlyCount "88"]
[EventDate "2003.12.29"]
[EventType "swiss"]
[EventRounds "11"]
[EventCountry "AUS"]

1. d4 Nf6 2. c4 e6 3. g3 c5 4. Nf3 d5 5. cxd5 exd5 6. Bg2 Nc6 7. O-O Be7 8. Nc3
O-O 9. Bg5 cxd4 10. Nxd4 h6 11. Bf4 a6 12. Qd2 Bb4 13. Rfd1 Be6 14. a3 Ba5 15.
b4 Bb6 16. Be3 Qc7 17. Na4 Bxd4 18. Bxd4 Nxd4 19. Qxd4 Qc6 20. Nb6 Rad8 21.
Rac1 Qb5 22. Rc7 Qxe2 23. Rxb7 Ne4 24. Rc1 Nd2 25. Rbc7 Nb3 26. Qf4 Nxc1 27.
Rxc1 Qb5 28. Qc7 d4 29. Be4 Qh5 30. Bd3 Qf3 31. Qc2 Rfe8 32. Be4 Qf6 33. a4 Bh3
34. a5 Qe5 35. f3 d3 36. Qd2 Qd4+ 37. Kh1 f5 38. Rc4 Qe5 39. Rc5 Qa1+ 40. Rc1
Qxc1+ 41. Qxc1 fxe4 42. fxe4 d2 43. Qd1 Rxe4 44. Qb3+ Kh8 0-1

[Event "Australian Reserves"]
[Site "Adelaide"]
[Date "2004.01.10"]
[Round "11.10"]
[White "McColl, Kevin"]
[Black "Pengelley, Justin"]
[Result "1/2-1/2"]
[WhiteElo "1881"]
[BlackElo "1834"]
[PlyCount "42"]
[EventDate "2003.12.29"]
[EventType "swiss"]
[EventRounds "11"]
[EventCountry "AUS"]

1. e4 d5 2. exd5 Qxd5 3. Nc3 Qd6 4. d4 Nf6 5. Nf3 a6 6. Be2 Nc6 7. g3 Bh3 8.
Bf4 Qd7 9. Ne5 Nxe5 10. dxe5 O-O-O 11. exf6 Qc6 12. Qxd8+ Kxd8 13. O-O-O+ Kc8
14. fxe7 Bxe7 15. Rhe1 Bf6 16. Nd5 Bf5 17. Rd2 Rd8 18. Bf3 Qa4 19. Re7 Rd7 20.
Re8+ Rd8 21. Re7 Rd7 1/2-1/2